000
00306nam a2200121Ia 4500
008
190216s9999||||xx |||||||||||||| ||und||
100
_a
De Roberites E D P&Amp; Fransco A&Amp;De Robertis Em F
245
0
_a
Cell Biology
260
_b
Wb Saunders Co
_c
1975
300
_a
615p
650
_a
Botany
942
_c
BK
999
_c
1439
_d
1439